000 00913nam a22002537a 4500
005 2011080406576.0
008 090728t xxu||||| |||| 00| 0 pun d
010 _aPUN-7008
020 _c25.00
_a8189168096
035 _aPN-6126
037 _bDBAD / PUB
040 _adpl
_bpn
082 _a260
100 _924414
_aਭੁਪਿੰਦਰ ਸਿੰਘ
245 _aਸਾਚੀ ਪ੍ਰੀਤ /
_cਭੁਪਿੰਦਰ ਸਿੰਘ
246 _aSachi preet
_bby Bhupinder Singh
260 _aNew Delhi
_bThe Living Treasure
_c2006
270 _a-
_bNew delhi
_k+91-011-30950644,30950633
300 4 _a41ਸਫੇ.
_c12ਸੇਂਮੀ (ਅਜਿਲੱਦ)
600 _931401
650 _924431
942 _2ddc
_cPN
_h260
_mਭੁਪਿੰਦ
999 _c55701
_d55701